00438nam a2200157Ia 450000500170000000800410001708200130005810000140007124500120008526000270009730000130012450000230013794200060016095200990016699900150026520250318124433.0240331s9999 xx 000 0 und d bJOSa894 aJoseph, T 0aPaalayi aChennaibDuraivic1997 a160 p ., aThree Short Novels cL 001040708LaWERCLbWERCLcSSCd2024-03-31l0o 894.811 JOSp4499r2024-03-31w2024-03-31yL c3747d3747